[Event "Bundesliga 2021-22"]
[Site "Baden Baden GER"]
[Date "2022.05.28"]
[Round "9.3"]
[Board "3"]
[White "Alonso Rosell, Alvar"]
[Black "Wojtaszek, Radoslaw"]
[Result "1/2-1/2"]
[WhiteTitle "GM"]
[BlackTitle "GM"]
[WhiteElo "2565"]
[BlackElo "2694"]
[WhiteTeam "FC Bayern Muenchen"]
[BlackTeam "OSG Baden-Baden"]
[WhiteFideId "2270544"]
[BlackFideId "1118358"]
[EventDate "2022.03.05"]

1. d4 Nf6 2. c4 e6 3. Nf3 d5 4. Nc3 Bb4 5. Qa4+ Nc6 6. a3 Bxc3+ 7. bxc3 Ne4 8.
e3 Nxc3 9. Qc2 Ne4 10. Bd3 Nd6 11. Nd2 h6 12. O-O O-O 13. Rb1 Na5 14. c5 Nf5 15.
Nf3 Nc6 16. Rd1 Rb8 17. Bb5 Bd7 18. e4 Nh4 19. Qe2 Nxf3+ 20. Qxf3 dxe4 21. Qxe4
Ne7 22. Bd3 f5 23. Qe1 Nd5 24. Bc4 Qe8 25. Bxd5 exd5 1/2-1/2

[Event "Bundesliga 2021-22"]
[Site "Baden Baden GER"]
[Date "2022.05.28"]
[Round "9.3"]
[Board "4"]
[White "Kasimdzhanov, Rustam"]
[Black "Dragnev, Valentin"]
[Result "1/2-1/2"]
[WhiteTitle "GM"]
[BlackTitle "GM"]
[WhiteElo "2659"]
[BlackElo "2546"]
[WhiteTeam "OSG Baden-Baden"]
[BlackTeam "FC Bayern Muenchen"]
[WhiteFideId "14200244"]
[BlackFideId "1634852"]
[EventDate "2022.03.05"]

1. d4 Nf6 2. c4 e6 3. Nf3 d5 4. Nc3 c5 5. cxd5 cxd4 6. Qxd4 exd5 7. e3 Nc6 8.
Qa4 Bb4 9. Bb5 O-O 10. O-O Qb6 11. Bd2 a6 12. Bxc6 bxc6 13. Qb3 Qb8 14. Na4 Bd6
15. Nb6 Ra7 16. Nxc8 Rxc8 17. Qxb8 Rxb8 18. Rfc1 c5 19. Rc2 Rab7 20. Bc3 Ne4 21.
Kf1 Nxc3 22. bxc3 Bf8 23. Ke2 Rb1 24. Rxb1 Rxb1 25. c4 dxc4 26. Nd2 Rg1 27. g3
Ra1 28. Nxc4 g5 29. Ne5 Kg7 30. Rb2 Be7 31. Rc2 Kf6 32. f4 Ke6 33. Nc6 gxf4 34.
gxf4 f5 35. Nxe7 Kxe7 36. Rxc5 Rxa2+ 37. Kd3 Ke6 38. Rc6+ Kf7 39. h4 Rh2 40. Kd4
Rxh4 41. Ke5 Rh3 42. Rc7+ Kg6 43. Rc6+ Kf7 44. Rf6+ Kg7 45. Rxa6 Rxe3+ 46. Kxf5
Re7 1/2-1/2

[Event "Bundesliga 2021-22"]
[Site "Baden Baden GER"]
[Date "2022.05.28"]
[Round "9.3"]
[Board "5"]
[White "Bischoff, Klaus"]
[Black "Donchenko, Alexander"]
[Result "1/2-1/2"]
[WhiteTitle "GM"]
[BlackTitle "GM"]
[WhiteElo "2493"]
[BlackElo "2636"]
[WhiteTeam "FC Bayern Muenchen"]
[BlackTeam "OSG Baden-Baden"]
[WhiteFideId "4600045"]
[BlackFideId "24603295"]
[EventDate "2022.03.05"]

1. Nf3 d5 2. c4 e6 3. e3 Nf6 4. b3 Bd6 5. Bb2 O-O 6. Be2 b6 7. O-O Bb7 8. d3
Nbd7 9. Nbd2 c5 10. Qc2 Rc8 11. Rfe1 Qc7 12. h3 Ne5 13. cxd5 Nxd5 14. a3 Nxf3+
15. Nxf3 e5 16. Nd2 Qe7 17. Bf3 Bb8 18. Rad1 Rfd8 19. Qc4 a6 20. Rc1 h6 21. Bg4
Rc6 22. Bf3 Rcc8 23. Bg4 Rc6 24. Bf3 1/2-1/2

[Event "Bundesliga 2021-22"]
[Site "Baden Baden GER"]
[Date "2022.05.28"]
[Round "9.3"]
[Board "6"]
[White "Naiditsch, Arkadij"]
[Black "Johansson, Linus"]
[Result "1-0"]
[WhiteTitle "GM"]
[BlackTitle "IM"]
[WhiteElo "2648"]
[BlackElo "2473"]
[WhiteTeam "OSG Baden-Baden"]
[BlackTeam "FC Bayern Muenchen"]
[WhiteFideId "4650891"]
[BlackFideId "1711113"]
[EventDate "2022.03.05"]

1. e4 e6 2. d4 d5 3. Nd2 c5 4. exd5 Qxd5 5. dxc5 Nf6 6. Ngf3 Qxc5 7. Bd3 Nbd7 8.
O-O Be7 9. Re1 O-O 10. Ne4 Qc7 11. Nxf6+ Nxf6 12. Ne5 b6 13. Qf3 Bb7 14. Qh3
Rfd8 15. Bg5 Rd5 16. Bxf6 Bxf6 17. Qxh7+ Kf8 18. f4 Rad8 19. Kh1 Ke7 20. Re3 Rd4
21. Rf1 Qc5 22. Qh3 Qc8 23. Qh5 Rf8 24. Rg3 Qe8 25. Qe2 Qb8 26. Re3 Rh8 27. c3
Rd6 28. Bc4 Qd8 29. Re1 Bxe5 30. Rxe5 Kf8 31. Qf2 Rd2 32. R5e2 Rxe2 33. Bxe2 Qf6
34. Qg3 Qh4 35. Qxh4 Rxh4 36. Rf1 Ke7 37. Kg1 Rh8 38. Rd1 Rc8 39. Rd4 Bd5 40.
Kf2 a5 41. a3 Rh8 42. h3 Bc6 43. Bf1 f6 44. Rd2 Rc8 45. g3 Bd5 46. h4 g5 47.
fxg5 fxg5 48. Ke3 Kf6 49. c4 Bc6 50. Rd6 Rc7 51. hxg5+ Ke5 52. Rd4 Rg7 53. Rg4
Kf5 54. Bh3 Kg6 55. Rd4 1-0

[Event "Bundesliga 2021-22"]
[Site "Baden Baden GER"]
[Date "2022.05.28"]
[Round "9.3"]
[Board "7"]
[White "Lokander, Martin"]
[Black "Bacrot, Etienne"]
[Result "1/2-1/2"]
[WhiteTitle "IM"]
[BlackTitle "GM"]
[WhiteElo "2475"]
[BlackElo "2635"]
[WhiteTeam "FC Bayern Muenchen"]
[BlackTeam "OSG Baden-Baden"]
[WhiteFideId "1709569"]
[BlackFideId "605506"]
[EventDate "2022.03.05"]

1. d4 d5 2. c4 e6 3. Nf3 Nf6 4. Nc3 a6 5. cxd5 exd5 6. Bg5 Be6 7. Bxf6 Qxf6 8.
Qb3 Ra7 9. a3 Qd8 10. Qc2 Nd7 11. e4 dxe4 12. Qxe4 Nf6 13. Qe3 Ng4 14. Qe4 Nf6
15. Qe3 Ng4 16. Qe4 1/2-1/2

[Event "Bundesliga 2021-22"]
[Site "Baden Baden GER"]
[Date "2022.05.28"]
[Round "9.3"]
[Board "8"]
[White "Meier, Georg"]
[Black "Zajogin, Alexander"]
[Result "1/2-1/2"]
[WhiteTitle "GM"]
[WhiteElo "2631"]
[BlackElo "2399"]
[WhiteTeam "OSG Baden-Baden"]
[BlackTeam "FC Bayern Muenchen"]
[WhiteFideId "4675789"]
[BlackFideId "13500430"]
[EventDate "2022.03.05"]

1. d4 Nf6 2. c4 e6 3. Nf3 Bb4+ 4. Nbd2 a5 5. a3 Be7 6. e4 d5 7. e5 Nfd7 8. cxd5
exd5 9. Bb5 c6 10. Bd3 c5 11. O-O Nc6 12. Re1 Qb6 13. Bc2 Nf8 14. h3 Ne6 15.
dxc5 Bxc5 16. Rf1 Qd8 17. Re1 Qb6 18. Rf1 Qd8 19. Nb3 Bb6 20. Re1 O-O 21. Qd3 g6
22. Bh6 a4 23. Nbd2 Re8 24. Rac1 Ned4 25. g4 Bxg4 26. hxg4 Qd7 27. Nh2 Nxe5 28.
Qg3 f6 29. Kg2 Rac8 30. Bd3 Rxc1 31. Rxc1 g5 32. Rh1 Nxd3 33. Qxd3 Ne6 34. Qf5
Nf4+ 35. Kg3 Ne2+ 36. Kg2 Nf4+ 37. Kg3 Ne2+ 38. Kg2 Nf4+ 1/2-1/2

[Event "Bundesliga 2021-22"]
[Site "Baden Baden GER"]
[Date "2022.05.28"]
[Round "9.4"]
[Board "1"]
[White "Jones, Gawain C B"]
[Black "Keymer, Vincent"]
[Result "1/2-1/2"]
[WhiteTitle "GM"]
[BlackTitle "GM"]
[WhiteElo "2672"]
[BlackElo "2655"]
[WhiteTeam "Muenchener Schachclub 1836"]
[BlackTeam "Schachfreunde Deizisau"]
[WhiteFideId "409561"]
[BlackFideId "12940690"]
[EventDate "2022.03.05"]

1. e4 c5 2. Nf3 d6 3. Bb5+ Nd7 4. Ba4 Nf6 5. O-O e6 6. d3 Be7 7. c4 O-O 8. Nc3
a6 9. Qe2 Qc7 10. Nd2 Ne5 11. f4 Nc6 12. Bxc6 Qxc6 13. a4 Bd7 14. Nf3 Qc7 15. e5
Ng4 16. h3 Nh6 17. g4 f5 18. exf6 Bxf6 19. Ne4 Be7 20. Neg5 Bxg5 21. Nxg5 Nf7
22. Nxe6 Rae8 23. Nxc7 Rxe2 24. Rf2 Re1+ 25. Rf1 Re2 26. Rf2 Re1+ 27. Rf1 1/2-1/2

[Event "Bundesliga 2021-22"]
[Site "Baden Baden GER"]
[Date "2022.05.28"]
[Round "9.4"]
[Board "2"]
[White "Bluebaum, Matthias"]
[Black "Maghsoodloo, Parham"]
[Result "1/2-1/2"]
[WhiteTitle "GM"]
[BlackTitle "GM"]
[WhiteElo "2642"]
[BlackElo "2701"]
[WhiteTeam "Schachfreunde Deizisau"]
[BlackTeam "Muenchener Schachclub 1836"]
[WhiteFideId "24651516"]
[BlackFideId "12539929"]
[EventDate "2022.03.05"]

1. d4 d5 2. c4 e6 3. Nc3 Nf6 4. cxd5 Nxd5 5. Nf3 c5 6. g3 Nc6 7. Bg2 cxd4 8.
Nxd4 Nxc3 9. bxc3 Na5 10. O-O Be7 11. Bf4 O-O 12. Rb1 a6 13. Nb3 Qxd1 14. Rfxd1
Nc4 15. Nd2 Na3 16. Rb3 Rd8 17. Bxb7 Bxb7 18. Rxb7 Kf8 19. Rc1 Rac8 20. Nf3 f6
21. Nd4 Kf7 22. Ra7 Ra8 23. Rxe7+ Kxe7 24. Nc6+ Ke8 25. Nxd8 Rxd8 26. c4 Rd4 27.
c5 e5 28. Be3 Rc4 29. Rd1 Nc2 30. Rd6 a5 31. c6 Nxe3 32. fxe3 Ke7 33. Rd7+ Ke6
34. Rxg7 Rxc6 35. Rxh7 Rc2 36. Kf2 Rxa2 37. g4 Ra1 38. h4 a4 39. h5 Rh1 40. Kg2
Rh4 41. Kg3 Rh1 42. Ra7 Ra1 43. Kg2 Ra2 44. Kf2 Ra1 45. Kg2 Ra2 46. Kf3 Ra1 47.
Kf2 Kd6 48. Kg2 Ra2 49. Kf3 Ra1 50. Kf2 Ke6 51. e4 Ra3 52. Kg2 Ra2 53. Kf1 Ra1+
54. Kf2 Ra3 55. e3 Ra1 56. Kg2 Ra2+ 57. Kf3 a3 58. h6 Rh2 59. Rxa3 Rh3+ 60. Kf2
Rh2+ 61. Kg3 Rxh6 62. Ra6+ Ke7 63. Ra7+ Kf8 64. Ra8+ Kf7 65. Ra7+ Kf8 66. Ra8+
Kf7 67. Ra7+ 1/2-1/2

[Event "Bundesliga 2021-22"]
[Site "Baden Baden GER"]
[Date "2022.05.28"]
[Round "9.4"]
[Board "3"]
[White "Saric, Ivan"]
[Black "Kamsky, Gata"]
[Result "1/2-1/2"]
[WhiteTitle "GM"]
[BlackTitle "GM"]
[WhiteElo "2687"]
[BlackElo "2658"]
[WhiteTeam "Muenchener Schachclub 1836"]
[BlackTeam "Schachfreunde Deizisau"]
[WhiteFideId "14508150"]
[BlackFideId "2000024"]
[EventDate "2022.03.05"]

1. e4 e5 2. Nf3 Nc6 3. Bb5 a6 4. Ba4 Nf6 5. O-O Be7 6. Re1 b5 7. Bb3 O-O 8. a4
Bb7 9. d3 d6 10. Nc3 b4 11. Nd5 Nxd5 12. Bxd5 Rb8 13. a5 Nxa5 14. Bxb7 Nxb7 15.
d4 Bf6 16. Rxa6 exd4 17. Nxd4 Bxd4 18. Qxd4 Nc5 19. Ra7 b3 20. Qc3 bxc2 21. Qxc2
Ra8 22. Rxa8 Qxa8 23. b4 Ne6 24. f4 c5 25. f5 Nd4 26. Qf2 Re8 27. bxc5 dxc5 28.
Qg3 f6 29. Qd3 Nxf5 30. Qc4+ Kh8 31. Qxc5 Nh4 1/2-1/2

[Event "Bundesliga 2021-22"]
[Site "Baden Baden GER"]
[Date "2022.05.28"]
[Round "9.4"]
[Board "4"]
[White "Kollars, Dmitrij"]
[Black "Martinovic, Sasa"]
[Result "1/2-1/2"]
[WhiteTitle "GM"]
[BlackTitle "GM"]
[WhiteElo "2635"]
[BlackElo "2554"]
[WhiteTeam "Schachfreunde Deizisau"]
[BlackTeam "Muenchener Schachclub 1836"]
[WhiteFideId "12909572"]
[BlackFideId "14509792"]
[EventDate "2022.03.05"]

1. e4 e6 2. d4 d5 3. Nd2 c5 4. exd5 Qxd5 5. Ngf3 cxd4 6. Bc4 Qd6 7. O-O Nf6 8.
Nb3 Nc6 9. Nbxd4 Nxd4 10. Nxd4 Be7 11. c3 O-O 12. Qf3 Qc7 13. Bd3 Bd7 14. Re1
Rfe8 15. Nb5 Bxb5 16. Bxb5 Red8 17. Bf1 Rd5 18. g3 Rad8 19. Bf4 Bd6 20. c4 Rf5
21. Bxd6 Rxd6 22. Qe2 a5 23. Rad1 g6 24. b3 b6 25. h3 h5 26. Qe3 Nd7 27. Rxd6
Qxd6 28. Re2 Qc5 29. Qc3 Rd5 30. a3 1/2-1/2

[Event "Bundesliga 2021-22"]
[Site "Baden Baden GER"]
[Date "2022.05.28"]
[Round "9.4"]
[Board "5"]
[White "Horvath, Dominik"]
[Black "Kozul, Zdenko"]
[Result "1-0"]
[WhiteTitle "IM"]
[BlackTitle "GM"]
[WhiteElo "2486"]
[BlackElo "2619"]
[WhiteTeam "Muenchener Schachclub 1836"]
[BlackTeam "Schachfreunde Deizisau"]
[WhiteFideId "1642561"]
[BlackFideId "14502879"]
[EventDate "2022.03.05"]

1. e4 c5 2. Nf3 Nc6 3. d4 cxd4 4. Nxd4 Qb6 5. Nb3 Nf6 6. Nc3 e6 7. Qe2 d6 8. g4
a6 9. g5 Nd7 10. f4 Be7 11. h4 Qc7 12. Bd2 Nc5 13. Bg2 b5 14. Be3 b4 15. Nd1 a5
16. Qf2 Nxb3 17. axb3 Ba6 18. h5 Bd8 19. Bf1 Bxf1 20. Qxf1 Ne7 21. Qb5+ Qd7 22.
Qxd7+ Kxd7 23. h6 g6 24. Bd4 e5 25. fxe5 Re8 26. Nf2 Nc6 27. Be3 Rxe5 28. Bf4
Re6 29. Rd1 f6 30. gxf6 Bxf6 31. O-O Bxb2 32. Nh3 Bf6 33. Kg2 Ne5 34. Bg3 Ng4
35. Kf3 Ne5+ 36. Kg2 Rc8 37. Rxf6 Rxf6 38. Bxe5 Rxc2+ 39. Kg3 Re6 40. Bf4 Rc3+
41. Kg4 g5 42. Nxg5 Rxh6 43. e5 Rxb3 44. Kf5 Rc3 45. e6+ Ke8 46. Ne4 Rf3 47.
Nxd6+ Kf8 48. Re1 Ke7 49. Nc8+ Ke8 50. Kg4 Rhh3 51. Nd6+ Ke7 52. Nf5+ Kf6 53.
Bg5+ Kg6 54. Nh4+ Rxh4+ 55. Kxf3 1-0

[Event "Bundesliga 2021-22"]
[Site "Baden Baden GER"]
[Date "2022.05.28"]
[Round "9.4"]
[Board "6"]
[White "Heimann, Andreas"]
[Black "Schnider, Gert"]
[Result "1-0"]
[WhiteTitle "GM"]
[BlackTitle "IM"]
[WhiteElo "2581"]
[BlackElo "2417"]
[WhiteTeam "Schachfreunde Deizisau"]
[BlackTeam "Muenchener Schachclub 1836"]
[WhiteFideId "24624632"]
[BlackFideId "1606310"]
[EventDate "2022.03.05"]

1. e4 e5 2. Nf3 Nc6 3. Bb5 a6 4. Ba4 Nf6 5. O-O Be7 6. Re1 b5 7. Bb3 O-O 8. c3
d5 9. exd5 Nxd5 10. Nxe5 Nxe5 11. Rxe5 c6 12. d3 Bd6 13. Re1 Bf5 14. Qf3 Qf6 15.
Nd2 Qg6 16. Bd1 Rae8 17. Ne4 Nf6 18. Nxf6+ Qxf6 19. Rxe8 Rxe8 20. Be3 Qe5 21. g3
Bxd3 22. Bb3 Qe7 23. Qxc6 Bf5 24. Rd1 Bb8 25. Qxa6 Bg4 26. Rd2 h5 27. Qxb5 h4
28. Qb4 Qg5 29. Qxb8 1-0

[Event "Bundesliga 2021-22"]
[Site "Baden Baden GER"]
[Date "2022.05.28"]
[Round "9.4"]
[Board "7"]
[White "Ciolek, Andreas"]
[Black "Dautov, Rustem"]
[Result "1/2-1/2"]
[WhiteTitle "FM"]
[BlackTitle "GM"]
[WhiteElo "2191"]
[BlackElo "2596"]
[WhiteTeam "Muenchener Schachclub 1836"]
[BlackTeam "Schachfreunde Deizisau"]
[WhiteFideId "12906727"]
[BlackFideId "4623606"]
[EventDate "2022.03.05"]

1. d4 Nf6 2. Nf3 d5 3. g3 e6 4. Bg2 b5 5. O-O Be7 6. a4 b4 7. c4 bxc3 8. Nxc3
O-O 9. Bf4 a5 10. Rc1 c6 11. Ne5 Nfd7 12. e4 Nxe5 13. Bxe5 Ba6 14. Re1 Nd7 15.
exd5 Nxe5 16. dxe5 cxd5 17. Bf1 Bxf1 18. Kxf1 Bb4 19. Qd4 Rc8 20. Red1 Bxc3 21.
Rxc3 Rb8 22. b3 Qe7 23. Rdc1 Rb4 24. Qc5 Qxc5 25. Rxc5 Rxb3 26. Rxa5 g5 27. g4
Rfb8 28. Kg2 R8b4 29. h3 Rf4 30. Rc2 Kg7 31. Ra7 Ra3 32. a5 Kg6 33. Rb2 h5 34.
gxh5+ Kxh5 35. a6 Kg6 36. Ra8 Kf5 37. a7 Kxe5 38. Rb7 f5 39. Re8 Rfa4 40. Rb6
Rxa7 41. Rexe6+ Kd4 42. Rg6 Kc3 43. Rxg5 d4 44. Rd6 d3 45. Rxf5 Rg7+ 46. Kh2 Kd2
47. Re5 Rf7 48. Kg2 Rg7+ 49. Kh2 Rf7 50. Kg2 Rg7+ 1/2-1/2

[Event "Bundesliga 2021-22"]
[Site "Baden Baden GER"]
[Date "2022.05.28"]
[Round "9.4"]
[Board "8"]
[White "Krasenkow, Michal"]
[Black "Hennig, Dirk"]
[Result "1-0"]
[WhiteTitle "GM"]
[BlackTitle "IM"]
[WhiteElo "2576"]
[BlackElo "2385"]
[WhiteTeam "Schachfreunde Deizisau"]
[BlackTeam "Muenchener Schachclub 1836"]
[WhiteFideId "1113100"]
[BlackFideId "4601750"]
[EventDate "2022.03.05"]

1. d4 d6 2. e4 Nf6 3. Bd3 e5 4. Ne2 Nc6 5. d5 Nb4 6. Bc4 c6 7. c3 Na6 8. Bxa6
bxa6 9. Bg5 cxd5 10. Bxf6 gxf6 11. Qxd5 Rb8 12. O-O Be6 13. Qd2 h5 14. b3 f5 15.
exf5 Bxf5 16. c4 Rg8 17. Nbc3 Qg5 18. Qxg5 Rxg5 19. Ng3 h4 20. Nxf5 Rxf5 21. Ne4
Kd7 22. Rad1 Ke6 23. Rd5 Rb6 24. Rfd1 Be7 25. Ra5 Rc6 26. Rad5 Rf4 27. f3 h3 28.
Nc3 hxg2 29. Kxg2 Rh4 30. Ne2 Rc8 31. Ng1 f5 32. h3 f4 33. R1d2 Rh6 34. Kf1 Rg6
35. Rg2 Rxg2 36. Kxg2 Bd8 37. Ne2 Bb6 38. Nc3 Rg8+ 39. Kh2 Bg1+ 40. Kh1 Bc5 41.
Ne4 Rg1+ 42. Kh2 Ra1 43. Rd2 Bg1+ 44. Kg2 Bd4 45. h4 d5 46. cxd5+ Kxd5 47. h5
Ke6 48. Rc2 Rg1+ 49. Kh2 Kd7 50. h6 Rg6 51. h7 Rh6+ 52. Kg2 Kd8 53. Ng5 Kd7 54.
Rc1 Rh5 55. Ne4 1-0

[Event "Bundesliga 2021-22"]
[Site "Bremen GER"]
[Date "2022.05.28"]
[Round "9.5"]
[Board "1"]
[White "Van Foreest, Jorden"]
[Black "Shevchenko, Kirill"]
[Result "0-1"]
[WhiteTitle "GM"]
[BlackTitle "GM"]
[WhiteElo "2714"]
[BlackElo "2652"]
[WhiteTeam "SG Solingen"]
[BlackTeam "SV Werder Bremen"]
[WhiteFideId "1039784"]
[BlackFideId "14129574"]
[EventDate "2022.03.05"]

1. e4 c5 2. Nf3 d6 3. d4 cxd4 4. Nxd4 Nf6 5. Nc3 Nc6 6. Bg5 e6 7. Qd3 Bd7 8.
O-O-O a6 9. f4 Be7 10. Nf3 h6 11. Bh4 Qc7 12. Kb1 Rd8 13. Qd2 b5 14. Bd3 b4 15.
Ne2 Bc8 16. Rhg1 d5 17. e5 Ne4 18. Qe1 g5 19. Bg3 Bb7 20. Rf1 Qb6 21. Nfd4 gxf4
22. Bxf4 Bc5 23. Nxc6 Bxc6 24. Nc1 Nf2 25. Rd2 Ne4 26. Bxe4 dxe4 27. Rxd8+ Qxd8
28. Be3 Qe7 29. Nb3 Bxe3 30. Qxe3 Bd5 31. Qb6 O-O 32. Rf6 Rc8 33. Rxh6 Bxb3 34.
Qe3 Bxc2+ 35. Ka1 Qf8 36. Rh3 f5 37. Rg3+ Kf7 38. Qa7+ Ke8 39. Qb7 Rd8 40. Qc6+
Kf7 41. Qc7+ Ke8 42. Qc6+ Ke7 43. Qc5+ Kd7 44. Qxc2 Rc8 45. Qd2+ Kc7 46. a3 Qc5
47. axb4 Qxe5 48. Rc3+ Kb8 49. Qe3 Kb7 50. g3 Qd6 51. h4 e5 52. Rxc8 Kxc8 53. h5
Qd1+ 54. Ka2 Qxh5 55. Qc5+ Kd7 56. Qd5+ Ke7 57. Qxe5+ Kf7 58. Qc7+ Kg8 59. Qc8+
Kg7 60. Qc3+ Kh7 61. Kb3 Qd1+ 62. Kc4 Kg6 63. Qe3 Kh5 64. Kc5 Qd3 65. Qf4 Kg6
66. g4 Qb5+ 67. Kd4 Qxb4+ 68. Kd5 Qb3+ 69. Kd4 Qxb2+ 70. Kc4 Qe2+ 71. Kd5 Qd1+
72. Ke5 Qxg4 73. Qf2 a5 74. Qb6+ Kh5 75. Qxa5 e3 76. Kf6 Qg5+ 77. Ke6 f4 78. Qa8
e2 79. Qh1+ Qh4 80. Qd5+ Kh6 81. Qc6 Qg4+ 82. Ke5+ Qg6 0-1

[Event "Bundesliga 2021-22"]
[Site "Bremen GER"]
[Date "2022.05.28"]
[Round "9.5"]
[Board "2"]
[White "Areshchenko, Alexander"]
[Black "Ragger, Markus"]
[Result "1/2-1/2"]
[WhiteTitle "GM"]
[BlackTitle "GM"]
[WhiteElo "2670"]
[BlackElo "2647"]
[WhiteTeam "SV Werder Bremen"]
[BlackTeam "SG Solingen"]
[WhiteFideId "14109530"]
[BlackFideId "1610856"]
[EventDate "2022.03.05"]

1. d4 d5 2. c4 c6 3. Nf3 Nf6 4. e3 Bf5 5. Nc3 e6 6. Nh4 Be4 7. f3 Bg6 8. Qb3 Qc7
9. cxd5 cxd5 10. Bd2 Nc6 11. O-O-O Be7 12. Nxg6 hxg6 13. Kb1 a6 14. Rc1 O-O 15.
g4 Na5 16. Qd1 Nc4 17. g5 Nd7 18. Bxc4 Qxc4 19. Be1 Rfc8 20. h4 b5 21. Ne2 Qa4
22. Qxa4 Rxc1+ 23. Nxc1 bxa4 24. Ba5 Rc8 25. Nd3 Kf8 26. f4 Bd6 27. h5 gxh5 28.
Rxh5 Rb8 29. Rh1 Ke7 30. Rc1 Nb6 31. Bxb6 Rxb6 32. Rc8 a3 33. b3 Kd7 34. Rc1 a5
35. Kc2 Rc6+ 36. Kd1 Rxc1+ 37. Kxc1 g6 38. Kc2 Bb4 39. Ne5+ Ke7 40. Kd3 Ke8 41.
Ke2 Ke7 42. Kf3 Bc3 43. Ng4 Kf8 44. Ke2 Ke7 45. Kd3 Bb4 46. e4 Be1 47. Ke3 Bc3
48. Ne5 Be1 49. Nd3 Bc3 50. Ne5 1/2-1/2

[Event "Bundesliga 2021-22"]
[Site "Bremen GER"]
[Date "2022.05.28"]
[Round "9.5"]
[Board "3"]
[White "L'Ami, Erwin"]
[Black "Efimenko, Zahar"]
[Result "1/2-1/2"]
[WhiteTitle "GM"]
[BlackTitle "GM"]
[WhiteElo "2621"]
[BlackElo "2597"]
[WhiteTeam "SG Solingen"]
[BlackTeam "SV Werder Bremen"]
[WhiteFideId "1007998"]
[BlackFideId "14107201"]
[EventDate "2022.03.05"]

1. d4 Nf6 2. c4 g6 3. Nc3 Bg7 4. e4 d6 5. f3 O-O 6. Be3 c5 7. dxc5 dxc5 8. Qxd8
Rxd8 9. Bxc5 Nc6 10. Rd1 Rxd1+ 11. Kxd1 Nd7 12. Bf2 Bxc3 13. bxc3 Nde5 14. Ne2
Be6 15. Nd4 Bxc4 16. Nxc6 bxc6 17. Bg3 Rd8+ 18. Kc2 Bxf1 19. Rxf1 Nc4 20. Bf4 e5
21. Bc1 Kf8 22. Rd1 Rxd1 23. Kxd1 Ke7 24. Kc2 c5 25. Kb3 Nb6 26. g4 Kd6 27. Bh6
Ke6 28. h3 f6 29. Be3 Kd6 30. h4 a5 31. g5 a4+ 32. Kc2 fxg5 33. hxg5 Kc6 34. Kd3
c4+ 35. Ke2 Nd7 36. Bf2 Nf8 37. Bg3 Kd6 38. f4 Ne6 39. Kf3 exf4 40. Bxf4+ Kc6
41. Be3 Kd6 42. Bf4+ Kc6 43. Be3 Kd6 1/2-1/2

[Event "Bundesliga 2021-22"]
[Site "Bremen GER"]
[Date "2022.05.28"]
[Round "9.5"]
[Board "4"]
[White "Edouard, Romain"]
[Black "Andersen, Mads"]
[Result "1-0"]
[WhiteTitle "GM"]
[BlackTitle "GM"]
[WhiteElo "2591"]
[BlackElo "2570"]
[WhiteTeam "SV Werder Bremen"]
[BlackTeam "SG Solingen"]
[WhiteFideId "633429"]
[BlackFideId "1413864"]
[EventDate "2022.03.05"]

1. d4 d5 2. Bf4 c5 3. e3 Nc6 4. Nf3 Nf6 5. Nbd2 cxd4 6. exd4 Bf5 7. c3 e6 8. Qb3
Qc8 9. Nh4 Be4 10. Nxe4 dxe4 11. g3 Be7 12. Ng2 O-O 13. Be2 Qd7 14. Rd1 Rac8 15.
O-O Rfd8 16. Ne3 Na5 17. Qc2 b5 18. Be5 Qb7 19. Bxf6 Bxf6 20. b4 Nc4 21. Nxc4
bxc4 22. Rde1 a5 23. bxa5 Qb5 24. Qxe4 Qxa5 25. Qc2 Ra8 26. Bxc4 Rac8 27. Qd3
Qc7 28. Bb3 Qxc3 29. Qxc3 Rxc3 30. d5 exd5 31. Bxd5 Rd3 32. Bc4 Rd2 33. Re3 g6
34. Kg2 Kg7 35. Rb1 Rc8 36. Bb3 Rc3 37. Re4 Bd4 38. Rf4 Rc7 39. Re1 Ba7 40. Re8
Rcd7 41. g4 h6 42. h4 Bb6 43. h5 g5 44. Rf5 R2d4 45. Kf3 Rd2 46. Kg3 R2d3+ 47.
Rf3 Rxf3+ 48. Kxf3 Rd2 49. Re2 Rxe2 50. Kxe2 f5 51. gxf5 Kf6 52. Be6 g4 53. a4
Bd8 54. Ke3 Kg5 55. Ke4 Bb6 56. Ke5 Bc7+ 57. Kd5 Bb6 58. Ke5 Bc7+ 59. Ke4 Bb6
60. Bd5 Bxf2 61. Ke5 Be1 62. Ke6 Bc3 63. Bc6 g3 64. Bg2 Kxh5 65. f6 Bb4 66. Kf5 1-0

[Event "Bundesliga 2021-22"]
[Site "Bremen GER"]
[Date "2022.05.28"]
[Round "9.5"]
[Board "5"]
[White "Van Wely, Loek"]
[Black "Hracek, Zbynek"]
[Result "1-0"]
[WhiteTitle "GM"]
[BlackTitle "GM"]
[WhiteElo "2613"]
[BlackElo "2567"]
[WhiteTeam "SG Solingen"]
[BlackTeam "SV Werder Bremen"]
[WhiteFideId "1000268"]
[BlackFideId "300071"]
[EventDate "2022.03.05"]

1. c4 e6 2. Nc3 c5 3. Nf3 d5 4. cxd5 exd5 5. d4 Nf6 6. g3 Nc6 7. Bg2 cxd4 8.
Nxd4 Bc5 9. Nb3 Bb6 10. O-O d4 11. Na4 O-O 12. Bg5 Re8 13. Re1 h6 14. Bxf6 Qxf6
15. Nxb6 axb6 16. Bxc6 bxc6 17. Qxd4 Qd8 18. Qc3 c5 19. Rad1 Qc7 20. a3 Ba6 21.
Nc1 Rad8 22. Qc2 Qe5 23. Rd2 h5 24. Red1 Rxd2 25. Rxd2 h4 26. Qa4 h3 27. Kf1 Bc8
28. Nd3 Qe7 29. Nf4 Bf5 30. Nd5 Qe5 31. Qf4 Qe6 32. f3 Bd3 33. Nc3 Ba6 34. Kf2
b5 35. Ne4 c4 36. Rd6 Qc8 37. Qg5 Kf8 38. Rh6 1-0

[Event "Bundesliga 2021-22"]
[Site "Bremen GER"]
[Date "2022.05.28"]
[Round "9.5"]
[Board "6"]
[White "Grigorian, Spartak"]
[Black "Smeets, Jan"]
[Result "1/2-1/2"]
[WhiteTitle "IM"]
[BlackTitle "GM"]
[WhiteElo "2472"]
[BlackElo "2563"]
[WhiteTeam "SV Werder Bremen"]
[BlackTeam "SG Solingen"]
[WhiteFideId "24661490"]
[BlackFideId "1007246"]
[EventDate "2022.03.05"]

1. Nf3 d5 2. c4 c6 3. e3 Nf6 4. Nc3 a6 5. Qc2 g6 6. d4 Bf5 7. Bd3 Bxd3 8. Qxd3
b5 9. cxd5 cxd5 10. Bd2 e6 11. O-O Be7 12. Rfc1 Qd7 13. Ne5 Qb7 14. Ne2 O-O 15.
Rc2 Bd6 16. Rac1 Nbd7 17. Nxd7 Qxd7 18. Be1 Rfc8 19. f3 Rc4 20. b3 Rcc8 21. Bg3 1/2-1/2